Normal view
MARC view
- الدقس،كامل سلامة
Entry Personal Name
001 - CONTROL NUMBER
- control field: 14369
003 - CONTROL NUMBER IDENTIFIER
- control field: JO-AjAnu
005 - DATE AND TIME OF LATEST TRANSACTION
- control field: 20230606072608.0
008 - FIXED-LENGTH DATA ELEMENTS
- fixed length control field: 230606|| aca||aabn | a|a d
040 ## - CATALOGING SOURCE
- Original cataloging agency: JO-AjAnu
- Transcribing agency: JO-AjAnu
100 ## - HEADING--PERSONAL NAME
- Personal name: الدقس،كامل سلامة
670 ## - SOURCE DATA FOUND
- Source citation: Work cat.: (JO-AjAnu)7383: الدقس،كامل سلامة, author, الإعتداءات الباطنية على المقدسات الإسلامية